UBT Library

MEDICINE INTERNATIONAL TEST TEST (Record no. 60738)

000 -LEADER
fixed length control field 00313nam a22001337a 4500
008 - FIXED-LENGTH DATA ELEMENTS--GENERAL INFORMATION
fixed length control field 251222b ||||| |||| 00| 0 eng d
020 ## - INTERNATIONAL STANDARD BOOK NUMBER
International Standard Book Number 33389219116325
041 ## - LANGUAGE CODE
Language code of text/sound track or separate title eng
080 ## - UNIVERSAL DECIMAL CLASSIFICATION NUMBER
Edition identifier 14th
Universal Decimal Classification number 1545254
100 ## - Rafti
Rafti 1
101 ## - Shkurtesa
Shkurtesa MED
245 ## - TITLE STATEMENT
Title MEDICINE INTERNATIONAL TEST TEST
Statement of responsibility, etc WILL
942 ## - ADDED ENTRY ELEMENTS (KOHA)
Source of classification or shelving scheme
Item type Books
Edition 14th
Holdings
Withdrawn status Lost status Source of classification or shelving scheme Damaged status Not for loan Permanent location Current location Date acquired Total Checkouts Barcode Date last seen Price effective from Koha item type
          UBT - Lipjan UBT - Lipjan 12/22/2025   125415155 TEST 12/22/2025 12/22/2025 Books
UBT Library © 2015-2024. All rights reserved University Education for Business and Technology